Les 20 villes les plus peuplées du Tarn-et-Garonne sur une carte - Statistiques

Statistiques générales
  • Ce quiz a été pris 113 fois
  • Le résultat moyen est 10 sur 20
Réponses sur la Carte
Les réponses sont colorées sur une échelle allant du rouge au vert en fonction du pourcentage des utilisateurs qui les ont devinées à leur premier essai. Vous pouvez retrouver ces pourcentages ci-dessous.
 
Statistiques - réponses
Nb Hab. Réponse % Correct
61 919 Montauban
99%
14 178 Castelsarrasin
88%
13 748 Moissac
86%
6 804 Caussade
70%
6 650 Montech
61%
5 743 Nègrepelisse
60%
5 256 Valence-d'Agen
59%
3 768 Beaumont-de-Lomagne
45%
2 852 Lafrançaise
44%
4 197 Grisolles
43%
3 729 Bressols
42%
3 305 Albias
40%
4 299 Montbeton
39%
4 866 Verdun-sur-Garonne
36%
3 792 Labastide-Saint-Pierre
32%
3 251 La Ville-Dieu-du-Temple
31%
4 029 Saint-Étienne-de-Tulmont
28%
2 026 Monclar-de-Quercy
27%
2 248 Septfonds
24%
2 293 Saint-Nicolas-de-la-Grave
16%
Aucun quiz correspondant
Distribution des résultats
% des personnes avec chaque résultat
Percentile par nombre de réponses
Votre historique - résultats
Vous n’avez pas pris ce quiz